00222nam a22000737a 4500082000900000245008500009260004400094300001000138 aVol- aForeign Affairs :bmagazine for in-depth analysis and debate of foreign policy / aCanada :bCouncil on Foreign Relations, c24cm.